Experiences in School Education (Record no. 930)
[ view plain ]
| 000 -LEADER | |
|---|---|
| fixed length control field | 00265nam a2200097 4500 |
| 008 - FIXED-LENGTH DATA ELEMENTS--GENERAL INFORMATION | |
| fixed length control field | 160625b xxu||||| |||| 00| 0 eng d |
| 100 ## - MAIN ENTRY--PERSONAL NAME | |
| 9 (RLIN) | 1144 |
| Personal name | Rajput, J.S |
| 245 ## - TITLE STATEMENT | |
| Title | Experiences in School Education |
| 300 ## - PHYSICAL DESCRIPTION | |
| Extent | Experiences in School Education |
| 942 ## - ADDED ENTRY ELEMENTS (KOHA) | |
| Source of classification or shelving scheme | Dewey Decimal Classification |
| Koha item type | BOOK |
| Edition | N.Y |
| Withdrawn status | Lost status | Source of classification or shelving scheme | Damaged status | Not for loan | Home library | Current library | Shelving location | Date acquired | Total Checkouts | Full call number | Barcode | Date last seen | Price effective from | Koha item type |
|---|---|---|---|---|---|---|---|---|---|---|---|---|---|---|
| Dewey Decimal Classification | Good Samaritan School Library | Good Samaritan School Library | 06/25/2016 | 370 | raj1700 | 06/25/2016 | 06/25/2016 | BOOK |